| 000 | 01162nam0a2200313 4500 | ||
|---|---|---|---|
| 001 | RU\NLR\bibl\603768 | ||
| 005 | 20260406041622.0 | ||
| 010 |
_a5-88718-056-0 _97000 |
||
| 021 |
_aRU _b2004-72149 _93557 |
||
| 035 | _a(NLR Aleph) 000595698 | ||
| 090 |
_a1741227 _c1741227 |
||
| 100 | _a20050131d2004 |||y0rusy50 ca | ||
| 101 | 0 | _arus | |
| 102 | _aRU | ||
| 105 | _aa ||||||||| | ||
| 200 | 1 |
_aС тобою, Богородица... _eТихвин. икона Божией Матери: шесть обретенных столетий _fА. Виноградова |
|
| 210 |
_aСПб. _cСударыня _d2004 |
||
| 215 |
_a221, [3] c., [28] л. ил., цв. ил. _d24 |
||
| 320 | _aБиблиогр. в конце кн. | ||
| 600 | 0 |
_aБогородица _xКульт _92140149 _3RU\NLR\AUTH\661290019 |
|
| 686 | _aЭ372.24-573 | ||
| 700 | 1 |
_4070 _8rus _7ca _aВиноградова _bЛ. В. _cжурналист _gЛариса Вадимовна _3RU\NLR\auth\771986 _9112003 |
|
| 801 | 0 |
_aRU _bNLR _c20050131 _grcr |
|
| 801 | 1 |
_aRU _bNLR _c20050131 |
|
| 942 | _cBOOK | ||
| 980 | _aNB | ||